00722nam a22001577a 4500008004100000020002900041050001300070100002100083245007600104260003300180300002700213500002000240505023200260650003100492650004100523111109t xxu||||| |||| 00| 0 eng d a0072377690 9780072377699 aHB87.G93 aGuel, Roberto C. aStudy guide for use with issues in economics today / c Roberto C. Guel aBoston:bMcGraw Hill;c2002. ax, 423 p. bill.c28cm aIncludes index. aContents: Macroeconomic issues -- International issues -- Externalities and market failure -- Health issues -- Governmental solutions to social problems -- Discrimination issues -- Price control issues -- Miscellaneous markets. aEconomics xStudy guides.  aEconomicsxProblems, exercises, etc.